000 00991naa a22002777a 4500
001 BR6004898
003 BR-BrBNA
005 20240918172902.0
007 ta
008 230509b bl.||||| |||| 00| 0 por d
040 _aBR-BrBNA
_bpor
_cBiblioteca Nacional de Agricultura
041 _a(Pt)
072 _aF70
_b1410
_bG514
090 _aF70 BR6004898
100 1 _aLeitao Filho, H. de F.
111 1 _a1. Simposio Brasileiro de Feijao
_cCampinas, SP (Brazil)
_d22 Aug 1971
245 1 _aBotanica de Phaseolus vulgaris L. e as especies brasileiras do genero Phaseolus L. [feijao]
260 3 _aSao Paulo, SP (Brasil):
_c1971.
500 _a1. Simposio Brasileiro de Feijao Sao Paulo, SP (Brasil): 1971. p. 84-122 (BR6004898-AM)F70
650 _aTAXONOMIA VEGETAL
650 _aFEIJAO
650 _aBOTANICA
773 0 _t1. Simposio Brasileiro de Feijao
_b
_wF70 BR6004898
_gSao Paulo, SP (Brasil), 1971. p. 84-122
909 _a202404
_bLucia
_c55
_dLucia Elande
942 _cAM
_2AGRIS
999 _c301905
_d301905